• 首页
  • 本馆介绍
  • 公告通知
  • 最新文献
  • 馆藏检索
  • 电子资源
  • 读者导购
  • 参考咨询
  • 我的图书馆
  • 登录
  • 详细信息显示
  • 放入我的书架
  • 预约/预借图书
  • 作者相关作品
  • 分类相关作品
  • 丛书相关作品
  • 出版社相关作品

书目信息

  • 表格格式
  • 工作单格式
  • 卡片格式
题名:
自然辩证法入门
    
 
作者: ;江苏人民广播电台理论组 编
分册:  
出版信息: 北京   中国广播电视出版社  1984
页数: 336页
开本: 19cm
丛书名:
单 册:
中图分类: N031
科图分类:
主题词: 自然辩证法--基本知识
电子资源:
ISBN: 2236.006
000 00676nam0 2200229 450
001 0184002725
005 20100712220734.0
010    @a2236.006@dCNY1.25
091    @a2236.006
100    @a19950426d1984 em y0chiy0110 ea
101 0  @achi
102    @aCN@b110000
105    @ay z 000yy
106    @ar
200 1  @a自然辩证法入门@9Zi Ran Bian Zheng Fa Ru Men @f江苏人民广播电台理论组编
210    @a北京@c中国广播电视出版社@d1984
215    @a336页@d19cm
606 0  @a自然辩证法@x基本知识
690    @aN031@v3
711 02 @a江苏人民广播电台理论组@9jiang su ren min guang bo dian tai li lun zu@4编
801  0 @aCN@bAzMarc@c20130904
905    @aBZT@dN031@e11@f1@sN031/11
    
    自然辩证法入门/江苏人民广播电台理论组编.-北京:中国广播电视出版社,1984
    336页;19cm
    
    
    ISBN 2236.006:CNY1.25
    
●
相关链接 在五车中查询图书 在当当中查询图书 在豆瓣中查询图书


正题名:自然辩证法入门     索取号:N031/11         预约/预借

序号 登录号 条形码 馆藏地/架位号 状态 备注
1 2000112750   2000112750   旧书回溯/ [索取号:N031/11] 在馆    
山东省滨州职业学院图书馆 欢迎您!
大连网信软件有限公司© 版权所有